| 000 | 00661nam a22002177a 4500 | ||
|---|---|---|---|
| 999 |
_c2646 _d2646 |
||
| 001 | 12353 | ||
| 003 | BD-DhUAP | ||
| 005 | 20200226153944.0 | ||
| 008 | 200226s2004 enka|||| b||| 001 0 eng d | ||
| 020 | _a9782080304360 | ||
| 040 |
_aBD-DhUAP _bEng _cBD-DhUAP _dBD-DhUAP |
||
| 082 |
_223 _a759.6 GAU |
||
| 100 | _aGaultier, Alyse. | ||
| 245 |
_aThe little book of Dali / _cAlyse Gaultier. |
||
| 260 |
_aParis : _b Flammarion, _cc2004. |
||
| 300 |
_a119 pages : _billustrations ; _c22 cm. |
||
| 504 | _aIncludes bibliography and index. | ||
| 600 |
_aDalĂ, Salvador, _d1904-1989 _vCriticism and interpretation. |
||
| 650 |
_aSurrealism _zSpain. |
||
| 942 |
_2ddc _cBK |
||